000 00972cam a22002771 4500
001 11871
003 BD-RjUL
005 20211208235209.0
008 140127s1966 nyua b 000 0 eng d
035 _a(BD-RjUL)11920
040 _aDLC/ICU
_cICU
_d(BD-RjUL)
_beng
041 _aeng
082 0 0 _a152
_bGAM
100 1 _aGaito, John,
_936779
245 1 0 _aMacromolecules and behavior /
_cBy John, Gaito.
260 _aNew York :
_bAppleton-Century-Crofts,
_c1966.
300 _aix, 197 p. :
_billus. ;
_c24 cm.
500 _aConsists in part of revised versions of papers presented at a conference sponsored by the U.S. Office of Naval Research and held at Kansas State University April 20-22, 1964.
504 _aIncludes bibliographies and Index
650 0 _aPsychophysiology.
_936780
650 0 _aMolecular biology.
_936781
710 1 _aUnited States.
_bOffice of Naval Research.
_925971
942 _2ddc
_cBK
999 _c11871
_d11871